Loading...

Essays on tradition, recovery and freedom : Vol.5

Bibliographic Details
Main Author: Dharampal
Format: Printed Book
Language:Undetermined
Published: India SIDH 2007
Subjects:
LEADER 00528nam a2200157Ia 4500
008 140316s9999 xx 000 0 und d
020 |a 8185569509 
082 |a 370.117  |b DHA/ES 
100 |a Dharampal, 
245 |a Essays on tradition, recovery and freedom : Vol.5 
260 |a India  |b SIDH  |c 2007 
300 |a 223 
650 |a Collected writings 
942 |2 ddc  |c BK 
999 |c 10460  |d 10460 
952 |0 0  |1 0  |2 ddc  |4 0  |6 370_117000000000000_DHAES  |7 0  |9 11664  |a KAUCLV  |b KAUCLV  |c GENERAL  |d 2014-03-18  |o 370.117 DHA/ES  |p 219086  |r 2014-03-18  |w 2014-03-18  |y BK